Представление документа в формате MARC21

Поле Инд. ПП Название Значение
Тип записи a
Библиографический уровень m
001 Контрольный номер 0607bdfc83a64056bdb6455fc84f06e6
005 Дата корректировки 20260407143311.3
020 c Цена, тираж 0-00
084 a Индекс другой классификации/Индекс ББК 95
091 i Возрастная адресация (DOS) 6+
097 b Оператор Попеленкова; Макарчук
245 10 a Заглавие Юный эрудит
n Номер части/ раздела 3
260 c Дата издания 2026
900 a Имя макрообъекта 000000387399
901 t Тип документа s